000 00446nam a2200145Ia 4500
008 191111s9999 xx 000 0 und d
020 _a9789814666763
100 _aPerry, Anne Griffin.
245 _cAnne Griffin Perry.--
_aSkills performance checklist for clinical nursing skills & techniques /
250 _a9th ed
260 _aSingapore :
_bElsevier
_c2018
300 _avi, 308 pages.
650 _aNursing
650 _aNursing -- practice
999 _c362658
_d362658